TEVI-R. Test de vocabulario en imágenes
Bewaard in:
| Hoofdauteur: | |
|---|---|
| Andere auteurs: | , |
| Formaat: | Boek |
| Taal: | Spaans |
| Gepubliceerd in: |
Concepción, Chile:
Universidad de Concepción,
2004
|
| Editie: | Tercera edición revisada |
| Onderwerpen: | |
| Tags: |
Voeg label toe
Geen labels, Wees de eerste die dit record labelt!
|
MARC
| LEADER | 00000cam a2200000 a 4500 | ||
|---|---|---|---|
| 001 | UCK7025 | ||
| 003 | CL-VaPUC | ||
| 005 | 20220704130107.0 | ||
| 008 | 051028e20040000CL |||||||||||||||||spa|d | ||
| 999 | |c 435777 |d 435775 | ||
| 020 | |a 956-227-261-3 | ||
| 040 | |c Pontificia Universidad Católica de Valparaíso | ||
| 082 | 0 | 4 | |a 468.2 ECH 2004 |2 21 |
| 100 | 0 | |a Echeverría, Max S |e autor |9 496494 | |
| 245 | 1 | 0 | |a TEVI-R. |b Test de vocabulario en imágenes |
| 250 | |a Tercera edición revisada | ||
| 260 | |a Concepción, Chile: |b Universidad de Concepción, |c 2004 | ||
| 300 | |a 33 páginas, |e + láminas | ||
| 500 | |a c.1. Donación Profesora Elizabeth Donoso. Memo 05/2022. 18/04/2022 | ||
| 505 | |a - Laminas - Manual de Aplicación | ||
| 583 | |a last modification |c 20170706 05:28:26 |k Catalogador Asistente | ||
| 650 | 0 | |a Psicolingüística |9 283371 | |
| 650 | 0 | |a Comprensión del lenguaje |2 CL-VaPUC |9 390641 | |
| 650 | 0 | |a Idioma español |9 309143 | |
| 650 | 0 | |a Lingüística aplicada |9 313266 | |
| 700 | 0 | |a Herrera, María Olivia |e autor |9 496495 | |
| 700 | 0 | |a Segure, Juana Teresa |e autor |9 496496 | |
| 942 | |c BK |2 ddc | ||
| 945 | |d 20051028 00:00:00 |a cmena | ||
| 952 | |0 0 |1 0 |2 ddc |4 0 |6 468_200000000000000_ECH_2004 |7 0 |8 R |9 583381 |a BIBEDU |b BIBEDU |c MCIRC |d 2022-06-03 |e Donación |h v.1 |i 5651522 |l 5 |m 1 |o 468.2 ECH 2004 |p 5651522 |r 2024-12-04 |s 2024-12-02 |t 1 |w 2022-06-03 |y BK_R |k EPE | ||
| 952 | |0 0 |1 0 |2 ddc |4 0 |6 468_200000000000000_ECH_2004 |7 0 |8 R |9 583383 |a BIBEDU |b BIBEDU |c MCIRC |d 2022-06-03 |e Donación |h v.2 |i 5651523 |l 5 |m 1 |o 468.2 ECH 2004 |p 5651523 |r 2024-12-04 |s 2024-12-02 |t 1 |w 2022-06-03 |y BK_R |k EPE | ||